Rock My Soul : (Record no. 589860)

MARC details
000 -LEADER
fixed length control field 00495nam a2200193 a 4500
001 - CONTROL NUMBER
control field 1758808970122
003 - CONTROL NUMBER IDENTIFIER
control field YourLibrary
005 - DATE AND TIME OF LATEST TRANSACTION
control field 20250927150735.0
008 - FIXED-LENGTH DATA ELEMENTS--GENERAL INFORMATION
fixed length control field 250925s2004##################000#0#eng##
020 ## - INTERNATIONAL STANDARD BOOK NUMBER
International Standard Book Number 9780743456067
082 04 - DEWEY DECIMAL CLASSIFICATION NUMBER
Classification number 155.8496073
Item number HOO
040 ## - CATALOGING SOURCE
Original cataloging agency YourLibrary
Language of cataloging eng
Transcribing agency YourLibrary
100 1# - MAIN ENTRY--PERSONAL NAME
Personal name hooks, bell,
Relator term author.
245 10 - TITLE STATEMENT
Title Rock My Soul :
260 ## - PUBLICATION, DISTRIBUTION, ETC.
Name of publisher, distributor, etc. Simon and Schuster,
Date of publication, distribution, etc. 2004.
300 ## - PHYSICAL DESCRIPTION
Extent 256 pages
650 #0 - SUBJECT ADDED ENTRY--TOPICAL TERM
Topical term or geographic name entry element Political Science.
942 ## - ADDED ENTRY ELEMENTS (KOHA)
Koha item type English Books
Holdings
Withdrawn status Lost status Damaged status Not for loan Home library Current library Shelving location Date acquired Total Checkouts Full call number Barcode Date last seen Price effective from Koha item type
        Anna Centenary Library Anna Centenary Library 3RD FLOOR, A WING 27.09.2025   155.8496073 HOO 473962 27.09.2025 27.09.2025 English Books

Find us on the map